[Event "Titled Tue 27th May Early"]
[Site "chess.com INT"]
[Date "2025.05.27"]
[Round "11"]
[White "Lloret Ramis, Juan Jose"]
[Black "Gavarrete, Nahun"]
[Result "0-1"]
[WhiteTitle "FM"]
[BlackTitle "FM"]
[WhiteElo "2019"]
[BlackElo "2281"]
[WhiteFideId "2204053"]
[BlackFideId "8400709"]
[EventDate "2025.05.27"]

1. e4 e5 2. f4 d6 3. Nf3 Nc6 4. Bb5 Nf6 5. Nc3 Bg4 6. d3 Be7 7. O-O Nd7 8. Bxc6
bxc6 9. h3 Bxf3 10. Qxf3 O-O 11. f5 Bg5 12. Qg3 Bxc1 13. Raxc1 f6 14. Qf3 Nb6
15. b3 d5 16. a4 a5 17. Kh2 Qd6 18. g4 Kf7 19. Rg1 h6 20. Rg2 Ke7 21. Re1 Kd7
22. Rd1 Kc8 23. Rgd2 Kb7 24. d4 exd4+ 0-1

[Event "Titled Tue 27th May Early"]
[Site "chess.com INT"]
[Date "2025.05.27"]
[Round "11"]
[White "Gelman, Alexander"]
[Black "Parfenov, Viktor N."]
[Result "1-0"]
[WhiteTitle "IM"]
[BlackTitle "CM"]
[WhiteElo "2403"]
[BlackElo "2193"]
[WhiteFideId "4118316"]
[BlackFideId "4165969"]
[EventDate "2025.05.27"]

1. d4 d5 2. Nc3 Nf6 3. Bf4 c5 4. e3 cxd4 5. exd4 Bg4 6. f3 Bd7 7. Qd2 Nc6 8. g4
e6 9. h4 h5 10. g5 Ng8 11. g6 fxg6 12. Bd3 Nce7 13. Qg2 Kf7 14. Nh3 Nf5 15. Ng5+
Ke8 16. O-O-O Rc8 17. Rhe1 Rxc3 18. bxc3 Ba3+ 19. Kd2 Qc8 20. Nxe6 Bxe6 21.
Qxg6+ Kf8 22. Qxe6 Qxe6 23. Rxe6 Nge7 24. Bg5 Kf7 25. Rde1 Rc8 26. R6e5 g6 27.
Bxf5 Nxf5 28. Rxd5 Bb2 29. Rc5 Rxc5 30. dxc5 Ba3 31. Re5 Ng7 32. Re7+ Kf8 33.
Rxb7 Bxc5 34. Be3 Ne6 35. Bxc5+ 1-0

[Event "Titled Tue 27th May Early"]
[Site "chess.com INT"]
[Date "2025.05.27"]
[Round "11"]
[White "Sheehan, Ethan"]
[Black "Negrean, Andrei"]
[Result "1-0"]
[BlackTitle "FM"]
[WhiteElo "2380"]
[BlackElo "2336"]
[WhiteFideId "30943965"]
[BlackFideId "1291513"]
[EventDate "2025.05.27"]

1. d4 Nf6 2. Nf3 d5 3. Bf4 Bf5 4. c4 c6 5. Nc3 e6 6. Qb3 Qc8 7. Rc1 Nbd7 8. cxd5
exd5 9. Nb5 Nh5 10. Bd6 a6 11. Nc7+ Kd8 12. Nxa8 Bxd6 13. Nb6 Qc7 14. Nxd7 Qa5+
15. Kd1 Bxd7 16. e3 c5 17. Qxb7 Qxa2 18. dxc5 Ba4+ 19. Ke1 Bc7 20. Bxa6 Ba5+ 21.
Kf1 Bd7 22. c6 Nf6 23. cxd7 Nxd7 24. Qc8+ Ke7 25. Qxh8 Qxb2 26. Qc8 Bc3 27. Qxc3
Qb6 28. Qa3+ Kf6 29. Nd4 Ne5 30. Be2 Nc4 31. Bxc4 dxc4 32. Qc3 Kg5 33. Qxc4 f5
34. Qc5 Qa6+ 35. Qb5 Qf6 36. Qxf5+ Qxf5 37. Nxf5 Kxf5 38. Ke2 Kg4 39. Rc5 g5 40.
Rd1 h5 41. Rd4# 1-0

[Event "Titled Tue 27th May Early"]
[Site "chess.com INT"]
[Date "2025.05.27"]
[Round "11"]
[White "Radchenko, Alexey"]
[Black "Zobel, Christian"]
[Result "1-0"]
[WhiteTitle "FM"]
[BlackTitle "CM"]
[WhiteElo "2293"]
[BlackElo "2157"]
[WhiteFideId "4192362"]
[BlackFideId "16259068"]
[EventDate "2025.05.27"]

1. e4 c5 2. Nf3 e6 3. c3 d5 4. e5 Nc6 5. d4 Qb6 6. Bd3 Bd7 7. Bc2 Nge7 8. a3 Ng6
9. O-O Be7 10. b4 cxd4 11. cxd4 a5 12. bxa5 Nxa5 13. Nc3 O-O 14. Rb1 Qc7 15. Nb5
Bxb5 16. Rxb5 Nc4 17. a4 Rfc8 18. g3 Ba3 19. Bxa3 Nxa3 20. Rc5 Qe7 21. Bxg6 hxg6
22. Rxc8+ Rxc8 23. Qb3 Nc4 24. Rb1 b6 25. Qb5 Qa7 26. Rb3 Ra8 27. Rb4 Qa5 28.
Qc6 Rb8 29. Qc7 Rf8 30. Qe7 Qa8 31. Qh4 f6 32. exf6 gxf6 33. Qh6 Qe8 34. a5 bxa5
35. Rb7 1-0

[Event "Titled Tue 27th May Early"]
[Site "chess.com INT"]
[Date "2025.05.27"]
[Round "11"]
[White "Rose, Felix"]
[Black "Mikhailova, Irina"]
[Result "1-0"]
[WhiteTitle "CM"]
[BlackTitle "WGM"]
[WhiteElo "2093"]
[BlackElo "2143"]
[WhiteFideId "5105722"]
[BlackFideId "4109040"]
[EventDate "2025.05.27"]

1. e4 c5 2. Nf3 Nc6 3. d4 cxd4 4. Nxd4 e5 5. Nb5 d6 6. N1c3 a6 7. Na3 b5 8. Nab1
Nf6 9. Bg5 Be7 10. Bxf6 Bxf6 11. a4 b4 12. Nd5 O-O 13. Bc4 Be6 14. O-O Bg5 15.
Qd3 Na5 16. Bxa6 Bxd5 17. exd5 f5 18. Bb5 e4 19. Qd4 Bf6 20. Qxb4 Be5 21. Ra3
Rf6 22. Rh3 Rg6 23. f4 exf3 24. Rfxf3 Qg5 25. Qd2 f4 26. Nc3 Qf5 27. Bd3 Qf7 28.
Bxg6 Qxg6 29. Qd3 Qf6 30. Qxh7+ Kf8 31. Qh8+ Kf7 32. Qxa8 1-0

[Event "Titled Tue 27th May Early"]
[Site "chess.com INT"]
[Date "2025.05.27"]
[Round "11"]
[White "Durarbayli, Vasif"]
[Black "Tristan, Leonardo"]
[Result "1-0"]
[WhiteTitle "GM"]
[BlackTitle "GM"]
[WhiteElo "2612"]
[BlackElo "2536"]
[WhiteFideId "13402935"]
[BlackFideId "113816"]
[EventDate "2025.05.27"]

1. e4 d5 2. d3 Nf6 3. Nd2 e6 4. Ngf3 c5 5. g3 Nc6 6. Bg2 Be7 7. O-O b6 8. Re1
Bb7 9. e5 Nd7 10. c4 d4 11. h4 Qc7 12. Qe2 h6 13. a3 g5 14. b4 gxh4 15. b5 Na5
16. g4 Rg8 17. Nh2 Bxg2 18. Kxg2 h5 19. Kh3 O-O-O 20. Rb1 Rg5 21. Ndf3 hxg4+ 22.
Nxg4 Rf5 23. Nh6 Rxf3+ 24. Qxf3 Nxe5 25. Rxe5 Qxe5 26. Nxf7 Qe1 27. Nxd8 Bxd8
28. Kg2 Qc3 29. Bf4 Nb3 30. Qc6+ 1-0

[Event "Titled Tue 27th May Early"]
[Site "chess.com INT"]
[Date "2025.05.27"]
[Round "11"]
[White "Jiganchine, Roman"]
[Black "Kriti, Mayur Patel"]
[Result "0-1"]
[WhiteTitle "CM"]
[BlackTitle "WCM"]
[WhiteElo "2205"]
[BlackElo "1695"]
[WhiteFideId "2603667"]
[BlackFideId "35061780"]
[EventDate "2025.05.27"]

1. Nf3 d5 2. e3 c5 3. b3 Nc6 4. Bb2 f6 5. Bb5 e5 6. Bxe5 fxe5 7. Nxe5 Qf6 8. f4
a6 9. Bxc6+ bxc6 10. Nc3 Nh6 11. O-O Be7 12. Qh5+ Nf7 13. Rae1 g6 14. Qf3 O-O
15. Qg3 Bf5 16. d3 Nxe5 17. fxe5 Qh4 18. Qxh4 Bxh4 19. g3 Bg5 20. Kg2 Rae8 21.
h4 Bh6 22. Na4 Rxe5 23. Nxc5 Rxe3 24. Na4 Rfe8 25. Rxe3 Rxe3 26. Rf2 Re1 27. Nc5
Be3 28. Rf1 Rxf1 29. Kxf1 Bxc5 0-1

[Event "Titled Tue 27th May Early"]
[Site "chess.com INT"]
[Date "2025.05.27"]
[Round "11"]
[White "Sychev, Klementy"]
[Black "Sturt, Raven"]
[Result "0-1"]
[WhiteTitle "GM"]
[BlackTitle "GM"]
[WhiteElo "2542"]
[BlackElo "2459"]
[WhiteFideId "4114060"]
[BlackFideId "2007304"]
[EventDate "2025.05.27"]

1. h4 e5 2. c4 Nf6 3. Nc3 Nc6 4. e3 d5 5. cxd5 Nxd5 6. Nf3 Ndb4 7. d3 Bf5 8. e4
Bg4 9. a3 Na6 10. Be2 Nc5 11. Nd5 Be6 12. b4 Nd7 13. Bg5 f6 14. Be3 Bd6 15. h5
O-O 16. Nh4 Ne7 17. Bg4 Bxd5 18. exd5 f5 19. Bf3 Nb6 20. Qb3 a5 21. O-O axb4 22.
axb4 Rxa1 23. Rxa1 Nec8 24. g3 f4 25. Bc5 fxg3 26. fxg3 Qg5 27. Kg2 e4 28. dxe4
Qxg3+ 29. Kf1 Qxh4 30. Ra2 Qxe4 31. Kg2 Qc4 32. Qxc4 Nxc4 33. Bg4 b6 34. Be6+
Kh8 35. Bf2 Ne7 36. h6 gxh6 37. Rc2 Ne5 38. Bd4 Ng6 39. Ra2 Nf4+ 0-1

[Event "Titled Tue 27th May Early"]
[Site "chess.com INT"]
[Date "2025.05.27"]
[Round "11"]
[White "Montano Vicente, Guadalupe"]
[Black "Skytte, Robert"]
[Result "0-1"]
[BlackTitle "CM"]
[WhiteElo "1940"]
[BlackElo "2007"]
[WhiteFideId "5181399"]
[BlackFideId "1471775"]
[EventDate "2025.05.27"]

1. d4 d5 2. c4 e6 3. Nc3 c5 4. cxd5 cxd4 5. Qxd4 Nc6 6. Qd1 exd5 7. Qxd5 Qc7 8.
Nb5 Qa5+ 9. Bd2 Bb4 10. Nd6+ Ke7 11. Nxc8+ Rxc8 12. Qxa5 Bxa5 13. Rc1 Bxd2+ 14.
Kxd2 Nf6 15. f3 Rhd8+ 16. Ke1 Nd4 17. Rxc8 Rxc8 18. Nh3 Rc2 19. e3 Nf5 20. Nf2
Rxb2 21. Bc4 Nxe3 22. Bb3 Nxg2+ 23. Kf1 Ne3+ 24. Ke1 Nh5 0-1

[Event "Titled Tue 27th May Early"]
[Site "chess.com INT"]
[Date "2025.05.27"]
[Round "11"]
[White "Antoniou, Rafail"]
[Black "Gasparyan, Erik R."]
[Result "1-0"]
[WhiteTitle "CM"]
[BlackTitle "IM"]
[WhiteElo "2134"]
[BlackElo "2372"]
[WhiteFideId "5904390"]
[BlackFideId "13315730"]
[EventDate "2025.05.27"]

1. e4 d6 2. d4 Nf6 3. Nc3 g6 4. Be3 Bg7 5. Qd2 O-O 6. O-O-O a6 7. f3 b5 8. h4 h5
9. Bh6 b4 10. Nce2 a5 11. Bxg7 Kxg7 12. Nf4 Rh8 13. Bc4 Nbd7 14. e5 dxe5 15.
dxe5 Nxe5 16. Qxd8 Rxd8 17. Rxd8 Nxc4 18. Nge2 Bb7 19. Rxa8 Bxa8 20. Rd1 Ne3 21.
Rd8 Bb7 22. Rb8 Ba6 23. Ra8 Bxe2 24. Nxe2 Nxg2 25. Rxa5 Nxh4 26. Rb5 Nxf3 27.
Rxb4 g5 28. a4 Nd7 29. a5 Nc5 30. Rc4 Na6 31. Rc6 Nb4 32. Rxc7 h4 33. Rb7 Na6
34. b4 g4 35. b5 Nc5 36. a6 g3 37. a7 g2 38. a8=Q h3 39. Rb8 h2 40. Rg8+ Kh7 41.
Rh8+ Kg6 42. Qg8+ Kf6 43. Qxg2 1-0

[Event "Titled Tue 27th May Early"]
[Site "chess.com INT"]
[Date "2025.05.27"]
[Round "11"]
[White "Begunov, Konstantin"]
[Black "Injac, Teodora"]
[Result "0-1"]
[WhiteTitle "FM"]
[BlackTitle "IM"]
[WhiteElo "2325"]
[BlackElo "2474"]
[WhiteFideId "4118510"]
[BlackFideId "932400"]
[EventDate "2025.05.27"]

1. d4 d5 2. c4 c6 3. Nc3 Nf6 4. Nf3 dxc4 5. e4 b5 6. e5 Nd5 7. a4 e6 8. Ng5 Bb4
9. Qh5 g6 10. Qh3 h6 11. Ne4 Nxc3 12. bxc3 Qxd4 13. Nd6+ Ke7 14. Nxc8+ Rxc8 15.
cxb4 Qxa1 16. Qh4+ g5 17. Qxh6 Qxc1+ 18. Ke2 Qf4 19. g3 Qxe5+ 20. Kd1 Rd8+ 0-1

[Event "Titled Tue 27th May Early"]
[Site "chess.com INT"]
[Date "2025.05.27"]
[Round "11"]
[White "Ejsymont, Blanka"]
[Black "Dambaev, Dashi"]
[Result "0-1"]
[WhiteTitle "WCM"]
[BlackTitle "CM"]
[WhiteElo "1907"]
[BlackElo "2211"]
[WhiteFideId "21088268"]
[BlackFideId "55628494"]
[EventDate "2025.05.27"]

1. e4 c5 2. Nf3 d6 3. g3 Nf6 4. d3 g6 5. Bg2 Bg7 6. O-O O-O 7. Re1 Nc6 8. c3 Bg4
9. h3 Bxf3 10. Bxf3 Nd7 11. Be3 b5 12. d4 Qc7 13. a4 b4 14. Qd2 Rab8 15. Bg2 Qb6
16. dxc5 Nxc5 17. cxb4 Qxb4 18. Nc3 Nb3 19. Qd5 Nxa1 20. Qxc6 Nc2 21. Rc1 Nxe3
22. fxe3 Qxb2 23. Nd5 e6 24. Ne7+ Kh8 25. Kh2 Bf6 26. Rc2 Qb3 27. e5 Bxe7 28.
exd6 Bxd6 29. Rc3 Qb6 30. Qe4 Rbc8 31. Rd3 Qc7 32. Qh4 Kg8 33. e4 Rfd8 34. Rf3
Qe7 35. Qg4 h5 0-1

[Event "Titled Tue 27th May Early"]
[Site "chess.com INT"]
[Date "2025.05.27"]
[Round "11"]
[White "Demchenko, Yaroslav"]
[Black "Tiitta, Sauli"]
[Result "1-0"]
[WhiteTitle "CM"]
[WhiteElo "2286"]
[BlackElo "2157"]
[WhiteFideId "14186667"]
[BlackFideId "502251"]
[EventDate "2025.05.27"]

1. Nf3 c5 2. e3 g6 3. b3 Bg7 4. d4 cxd4 5. exd4 d5 6. Bb2 Nc6 7. Bd3 Bg4 8. Nbd2
Nxd4 9. Bxd4 Bxd4 10. Bb5+ Kf8 11. O-O Bxa1 12. Qxa1 Nf6 13. Ne5 Bf5 14. Ndf3 a6
15. Be2 h6 16. c4 dxc4 17. Bxc4 e6 18. Rd1 Qe7 19. g4 Be4 20. Nd7+ Kg7 21. Nfe5
Rhd8 22. h3 b5 23. Be2 Kh7 24. Nc6 Bxc6 25. Nxf6+ Qxf6 26. Qxf6 Rxd1+ 27. Bxd1
Kg8 28. Bc2 Rf8 29. Bxg6 fxg6 30. Qxg6+ Kh8 31. Qxh6+ 1-0

[Event "Titled Tue 27th May Early"]
[Site "chess.com INT"]
[Date "2025.05.27"]
[Round "11"]
[White "Dilmukhametov, Artur"]
[Black "Chaulagain, Purusottam"]
[Result "1-0"]
[WhiteTitle "FM"]
[BlackTitle "CM"]
[WhiteElo "2276"]
[BlackElo "1898"]
[WhiteFideId "24179922"]
[BlackFideId "12300730"]
[EventDate "2025.05.27"]

1. d4 d5 2. e4 dxe4 3. Nc3 Nf6 4. f3 e5 5. dxe5 Qxd1+ 6. Nxd1 Nd5 7. fxe4 Nb4 8.
Ne3 Bc5 9. Bd2 a5 10. a3 Bxe3 11. axb4 Bxd2+ 12. Kxd2 a4 13. Nf3 Nc6 14. Bb5 O-O
15. Rxa4 Rxa4 16. Bxa4 Nxb4 17. Kc3 Na6 18. Rd1 Be6 19. b4 c6 20. Bb3 Bg4 21.
Rd6 Nc7 22. Ng5 Nb5+ 23. Kd3 Nxd6 24. exd6 Rd8 25. Nxf7 Rd7 26. Ne5+ Kf8 27.
Nxd7+ Bxd7 28. e5 Bf5+ 29. Kd4 Ke8 30. Kc5 Kd7 31. Kb6 Be4 32. g3 Kc8 33. e6 Bf5
34. e7 Bd7 35. Be6 1-0

[Event "Titled Tue 27th May Early"]
[Site "chess.com INT"]
[Date "2025.05.27"]
[Round "11"]
[White "Sava, Robert-Gabriel"]
[Black "Shubenkova, Veronika"]
[Result "0-1"]
[WhiteTitle "CM"]
[BlackTitle "WFM"]
[WhiteElo "2155"]
[BlackElo "2024"]
[WhiteFideId "1265725"]
[BlackFideId "44124040"]
[EventDate "2025.05.27"]

1. e4 e6 2. Qe2 Nf6 3. Nf3 d5 4. d3 Be7 5. g3 c5 6. Bg2 Nc6 7. O-O b5 8. Re1 Bb7
9. e5 Nd7 10. h4 b4 11. Bf4 h6 12. h5 Qb6 13. Nbd2 a5 14. c3 Ba6 15. c4 d4 16.
Ne4 Bb7 17. Nd6+ Bxd6 18. exd6 O-O-O 19. Ne5 Ncxe5 20. Bxb7+ Kxb7 21. Bxe5 f6
22. Bxd4 cxd4 23. Qxe6 Rhe8 24. Qd5+ Qc6 25. Qxa5 Qc5 26. Qa4 Re5 27. f4 Re3 28.
Rxe3 dxe3 29. Kf1 Nb6 30. Qd1 Rxd6 31. Qf3+ Ka7 32. Ke2 Qd4 33. Qxe3 Qxb2+ 34.
Kf3 Qxa1 35. c5 Qh1+ 36. Kg4 f5+ 37. Kxf5 Qxh5+ 38. Ke4 Qd5# 0-1

[Event "Titled Tue 27th May Early"]
[Site "chess.com INT"]
[Date "2025.05.27"]
[Round "11"]
[White "Chiu, Isaac"]
[Black "Tan, Jun Ying"]
[Result "1-0"]
[BlackTitle "FM"]
[WhiteElo "2226"]
[BlackElo "2414"]
[WhiteFideId "30900654"]
[BlackFideId "5710413"]
[EventDate "2025.05.27"]

1. d4 Nf6 2. Nf3 c5 3. c4 cxd4 4. Nxd4 e5 5. Nb5 d5 6. cxd5 Bc5 7. e3 O-O 8. Be2
e4 9. a3 Bf5 10. b4 Bb6 11. N1c3 Nbd7 12. Nd6 Bg6 13. Nc4 a5 14. Bb2 axb4 15.
axb4 Rxa1 16. Qxa1 Nh5 17. Bxh5 Bxh5 18. Nxe4 Qh4 19. Ncd2 Bg6 20. Ng3 Qxb4 21.
O-O Qxd2 22. Bxg7 Rc8 23. Bh6 Qc3 24. Qa4 Ne5 25. Ne4 Qa5 26. Nf6+ Kh8 27. Qh4
Qc3 28. Ne4 Nf3+ 29. gxf3 Bxe4 30. Qxe4 Rg8+ 31. Kh1 Qf6 32. Bf4 1-0

[Event "Titled Tue 27th May Early"]
[Site "chess.com INT"]
[Date "2025.05.27"]
[Round "11"]
[White "Aloma Vidal, Robert"]
[Black "Skliarov, Viktor"]
[Result "1-0"]
[WhiteTitle "IM"]
[BlackTitle "IM"]
[WhiteElo "2374"]
[BlackElo "2334"]
[WhiteFideId "2260409"]
[BlackFideId "14106736"]
[EventDate "2025.05.27"]

1. h4 c5 2. c4 Nc6 3. Nc3 Nf6 4. g3 d5 5. cxd5 Nxd5 6. Bg2 Nb6 7. Bxc6+ bxc6 8.
Nf3 Bf5 9. d3 e6 10. Bg5 f6 11. Be3 Nd5 12. Qc1 Rb8 13. O-O Nxe3 14. fxe3 Bd6
15. Kg2 Rb4 16. e4 Bg4 17. b3 O-O 18. Qe3 Qe8 19. Nh2 h5 20. Nxg4 hxg4 21. Rac1
Qh5 22. Nd1 Rb5 23. Rc4 Ra5 24. a4 Qe5 25. Nf2 f5 26. Nd1 g6 27. exf5 gxf5 28.
Qxe5 Bxe5 29. Ne3 Rb8 30. Rb1 Kf7 31. Rc2 Rxa4 32. Nc4 Ra6 33. Nxe5+ Kg7 34.
Rxc5 Ra2 35. Kf2 Rb4 36. Rxc6 a5 37. Rxe6 a4 38. Rg6+ Kh7 39. Rc1 axb3 40. Rc7+
Kh8 41. Rh6+ Kg8 42. Ng6 Rb8 43. Rh8# 1-0

[Event "Titled Tue 27th May Early"]
[Site "chess.com INT"]
[Date "2025.05.27"]
[Round "11"]
[White "Arabidze, Meri"]
[Black "Deveci, Huseyin Said"]
[Result "1-0"]
[WhiteTitle "IM"]
[BlackTitle "CM"]
[WhiteElo "2440"]
[BlackElo "2212"]
[WhiteFideId "13604040"]
[BlackFideId "26322455"]
[EventDate "2025.05.27"]

1. d4 Nf6 2. c4 c5 3. d5 b5 4. cxb5 a6 5. bxa6 e6 6. Nc3 exd5 7. Nxd5 Be7 8. Nf3
O-O 9. Nxe7+ Qxe7 10. e3 d5 11. Be2 Bxa6 12. O-O Nc6 13. Bd2 Rfb8 14. Bxa6 Rxa6
15. Bc3 Rd8 16. Re1 Ne4 17. Qc2 h5 18. h3 Nb4 19. Bxb4 cxb4 20. Nd2 Rg6 21. Nxe4
dxe4 22. Red1 Re8 23. Rd5 Qh4 24. Kh2 Ree6 25. Rf5 Ref6 26. g3 Rxf5 27. gxh4
Rgf6 28. Rf1 1-0

[Event "Titled Tue 27th May Early"]
[Site "chess.com INT"]
[Date "2025.05.27"]
[Round "11"]
[White "Kiran, Manisha Mohanty"]
[Black "Tsyhanchuk, Stanislav"]
[Result "1-0"]
[WhiteTitle "WGM"]
[BlackTitle "IM"]
[WhiteElo "2031"]
[BlackElo "2273"]
[WhiteFideId "5019575"]
[BlackFideId "13505130"]
[EventDate "2025.05.27"]

1. e4 c5 2. Nf3 Nc6 3. d4 cxd4 4. Nxd4 Nf6 5. Nc3 d6 6. Bg5 e6 7. Qd2 a6 8.
O-O-O Bd7 9. f3 Be7 10. g4 h5 11. Bxf6 Bxf6 12. Nxc6 Bxc6 13. Rg1 hxg4 14. Rxg4
Ke7 15. Bc4 Qc7 16. Bb3 Rad8 17. Re1 Qb6 18. Nd5+ Bxd5 19. exd5 e5 20. Rb4 Qc7
21. Rc4 Qd7 22. Kb1 Rc8 23. Rce4 Qh3 24. f4 Qxh2 25. Qb4 Rhd8 26. fxe5 Bg5 27.
exd6+ Kf6 28. a4 Qxd6 29. Qd4+ Kg6 30. Rg1 Qc5 31. Rxg5+ Kxg5 32. Qxg7+ Kf5 33.
Qg4+ Kf6 34. Qf4+ Kg7 35. Qe5+ f6 36. Rg4+ Kf8 37. Qxf6+ Ke8 38. Qe6+ Qe7 39.
Rg8# 1-0

[Event "Titled Tue 27th May Early"]
[Site "chess.com INT"]
[Date "2025.05.27"]
[Round "11"]
[White "Dauer, Andre Leonardo"]
[Black "Skiadopoulos, Nikolaos"]
[Result "1-0"]
[WhiteTitle "CM"]
[BlackTitle "CM"]
[WhiteElo "2138"]
[BlackElo "1882"]
[WhiteFideId "2126915"]
[BlackFideId "4200772"]
[EventDate "2025.05.27"]

1. e4 c5 2. Nf3 Nc6 3. d3 g6 4. g3 Bg7 5. Bg2 d6 6. O-O Bg4 7. c3 Qd7 8. Re1 Bh3
9. Bh1 h5 10. Ng5 Bg4 11. f3 Be6 12. Nxe6 Qxe6 13. h4 Qh3 14. Bf4 Be5 15. Bg2
Qd7 16. Qd2 Bxf4 17. Qxf4 Ne5 18. Bf1 Qe6 19. Na3 a6 20. d4 cxd4 21. cxd4 Nd7
22. Rec1 Qf6 23. Qxf6 Ngxf6 24. Rc7 Rb8 25. Rac1 Kd8 26. Kf2 Ne8 27. R7c2 f5 28.
Nc4 fxe4 29. fxe4 Rf8+ 30. Ke3 1-0

[Event "Titled Tue 27th May Early"]
[Site "chess.com INT"]
[Date "2025.05.27"]
[Round "11"]
[White "Guerra Tulcan, Lenin"]
[Black "Rustemov, Alexander"]
[Result "0-1"]
[WhiteTitle "IM"]
[BlackTitle "GM"]
[WhiteElo "2310"]
[BlackElo "2525"]
[WhiteFideId "3601382"]
[BlackFideId "4119002"]
[EventDate "2025.05.27"]

1. e4 e6 2. d4 d5 3. Nd2 dxe4 4. Nxe4 Bd7 5. Nf3 Bc6 6. Bd3 Nd7 7. O-O Ngf6 8.
Re1 Be7 9. c3 Nxe4 10. Bxe4 Bxe4 11. Rxe4 Nf6 12. Re2 O-O 13. Qb3 b6 14. Bf4 Qc8
15. h3 Qb7 16. Ne5 c5 17. dxc5 Bxc5 18. Rae1 Rad8 19. Bg5 Be7 20. Nxf7 Rxf7 21.
Rxe6 Rd7 22. a4 Qd5 23. c4 Qxg5 24. a5 Bc5 25. axb6 axb6 26. Qb5 h6 27. Qc6 Rd2
28. Rxf6 Qxf6 29. Re8+ Kh7 30. Qe4+ Qf5 0-1

[Event "Titled Tue 27th May Early"]
[Site "chess.com INT"]
[Date "2025.05.27"]
[Round "11"]
[White "Buscar, Michael"]
[Black "Dominguez, Ramiro"]
[Result "1-0"]
[BlackTitle "FM"]
[WhiteElo "2016"]
[BlackElo "2185"]
[WhiteFideId "2603616"]
[BlackFideId "4420055"]
[EventDate "2025.05.27"]

1. d4 Nf6 2. c4 e6 3. Nc3 Bb4 4. e3 c5 5. Bd3 cxd4 6. exd4 Nc6 7. Nf3 O-O 8. O-O
d5 9. a3 dxc4 10. Bxc4 Bd6 11. Bg5 h6 12. Bh4 b6 13. d5 Na5 14. Ba2 Be7 15. dxe6
Bxe6 16. Bxe6 fxe6 17. Qe2 Kh8 18. Qxe6 Re8 19. Ne5 Qd4 20. Bg3 Bxa3 21. Nf7+
Kh7 22. Qf5+ g6 23. Qh3 Kg7 24. Rxa3 Kxf7 25. Qxh6 Nc4 26. Ra4 Qd3 27. Nb5 Rh8
28. Qf4 Nd2 29. Rd1 Rhe8 30. Nd6+ Kg7 31. Nxe8+ Rxe8 32. h4 Nh5 33. Qxd2 Qb3 34.
Qc3+ Qxc3 35. bxc3 Nxg3 36. Rxa7+ 1-0

[Event "Titled Tue 27th May Early"]
[Site "chess.com INT"]
[Date "2025.05.27"]
[Round "11"]
[White "Cernov, Henrik"]
[Black "Omariev, Maksim"]
[Result "0-1"]
[WhiteTitle "FM"]
[BlackTitle "FM"]
[WhiteElo "2325"]
[BlackElo "2304"]
[WhiteFideId "16258312"]
[BlackFideId "4193423"]
[EventDate "2025.05.27"]

1. g4 d5 2. h3 e5 3. Bg2 c6 4. d3 Bd6 5. Nf3 Ne7 6. c4 h5 7. g5 Be6 8. cxd5 cxd5
9. Nc3 a6 10. e3 Nbc6 11. d4 e4 12. Nd2 Ng6 13. h4 O-O 14. Qxh5 Rc8 15. Qe2 f5
16. h5 Nge7 17. Nb3 Nb4 18. Kf1 Nd3 19. g6 f4 20. exf4 Bxf4 21. Bxf4 Rxf4 22.
Nd1 Nf5 23. Rh3 Qg5 24. Kg1 Rf8 25. Qd2 Nh4 26. Rg3 Qxh5 27. Nc5 Nxc5 28. dxc5
Nxg2 29. Kxg2 Rh4 30. Ne3 Rh2+ 31. Kf1 Rh1+ 32. Rg1 Bh3+ 33. Ng2 Bxg2+ 34. Kxg2
Qh3# 0-1

[Event "Titled Tue 27th May Early"]
[Site "chess.com INT"]
[Date "2025.05.27"]
[Round "11"]
[White "Dubnevych, Maksym"]
[Black "Ermolaev, Evgeny"]
[Result "1-0"]
[WhiteTitle "FM"]
[BlackTitle "FM"]
[WhiteElo "2292"]
[BlackElo "2282"]
[WhiteFideId "14184001"]
[BlackFideId "24103195"]
[EventDate "2025.05.27"]

1. Nc3 c5 2. Nf3 d5 3. d4 Nf6 4. dxc5 e6 5. e4 Bxc5 6. exd5 exd5 7. Bb5+ Nc6 8.
O-O O-O 9. Bg5 Be6 10. a3 h6 11. Bh4 g5 12. Bg3 Ne4 13. Ne2 Qb6 14. Bd3 f5 15.
b4 Be7 16. b5 f4 17. bxc6 fxg3 18. Nxg3 Nxg3 19. hxg3 bxc6 20. Rb1 Qc7 21. Nd4
Bd7 22. Qh5 Rf6 23. Rbe1 Bc5 24. Nf3 Bc8 25. Re8+ Kg7 26. Nxg5 Bb7 27. Ne6+ Rxe6
28. Rxe6 Rf8 29. Rg6+ Kh8 30. Qxh6+ Qh7 31. Rg8+ Rxg8 32. Qxh7# 1-0

[Event "Titled Tue 27th May Early"]
[Site "chess.com INT"]
[Date "2025.05.27"]
[Round "11"]
[White "Shevchenko, Yaroslav"]
[Black "Pavlidou, Ekaterini"]
[Result "0-1"]
[BlackTitle "WIM"]
[WhiteElo "2137"]
[BlackElo "2198"]
[WhiteFideId "34144684"]
[BlackFideId "4213262"]
[EventDate "2025.05.27"]

1. e4 c5 2. Nf3 Nc6 3. Bb5 g6 4. O-O Bg7 5. Re1 e5 6. c3 Nge7 7. a4 O-O 8. d3 d6
9. Na3 a6 10. Bc4 Be6 11. Bg5 h6 12. Bh4 Qd7 13. Qd2 Na5 14. Bxe6 Qxe6 15. Bxe7
Qxe7 16. Qc2 Qe6 17. Rad1 Rab8 18. Nc4 Nc6 19. Ne3 Ne7 20. h3 b5 21. axb5 axb5
22. Ra1 h5 23. c4 Nc6 24. cxb5 Rxb5 25. Nc4 Rfb8 26. Ra6 Nb4 27. Qa4 Nxd3 28.
Rd1 Rb4 29. Qc2 Nxb2 30. Nxb2 Rxb2 31. Qa4 Bf8 32. Ra7 Rb1 33. Kh2 Qf6 34. Rd3
Qf4+ 35. g3 Qc1 0-1